A quick guide to BioFuels: When the Oil Runs Out For the rest of us...

Enregistré dans:
Détails bibliographiques
Auteur principal: Mousdale, David
Format: Livre
Langue:anglais
Publié: Rockville, USA BioPlan Associates 2010
Sujets:
Accès en ligne:Voir à l'OPAC
Tags: Ajouter un tag
Pas de tags, Soyez le premier à ajouter un tag!

MARC

LEADER 00000nam a2200000 a 4500
005 20260127134047.0
008 100512 2010 xxu 000 0 eng d
020 |a 9781934106174 
035 |a vtls010094130 
039 9 |y 201005120910  |z mschk03 
040 |a STUSCHK1  |b slo  |c STUSCHK1  |e AACR2 
080 |a 504.064.45 
080 |a 620.95 
100 1 |a Mousdale, David 
245 1 |a A quick guide to BioFuels: When the Oil Runs Out  |b For the rest of us...  |c David Mousdale 
260 |a Rockville, USA  |b BioPlan Associates  |c 2010 
300 |a xii, 155 s.  |b il.  |c 26 cm 
650 0 |a bioplyn 
650 0 |a alternatívne energetické zdroje 
910 |a SCHK95 
919 |a 978-1-934106-17-4 
999 |c 3181  |d 3181